000 01032nam a22003610a 4500
001 PT27757
003 AR-LpoUNG
005 20210131233342.0
008 191001s2007||||ag |||||||||||||||||spa d
020 _a9789871011131
_c$7
040 _aAR-LpoUNG
_bspa
_cAR-LpoUNG
_eaacr
041 _aspa
044 _aag
082 0 _a982.064 742cor
100 1 _aMonestés, Carlos
245 1 0 _aCórdoba 1975 :
_bTosco o Lacabanne
250 _a2§ edición
260 _aBuenos Aires :
_bLa Rosa Blindada,
_c2007.
300 _a131 p. :
_bil.
520 _aRecrea el clima dramático de la Córdoba de 1975 presidida por el brigadier Lacabanne, alternando la crónica periodística con el simbolismo de la literatura.
650 4 _aARGENTINA
650 4 _aASPECTOS POLITICOS
650 4 _aDICTADURA
650 4 _aHISTORIA
650 4 _aHISTORIA SOCIAL
650 4 _aSINDICALISMO
650 4 _aSINDICATOS
650 4 _aVIOLENCIA
651 4 _aArgentina
653 _aGUERRILLA
905 _a27757
942 _cLIB
999 _c20230
_d20230